TV Show by Actor, Character, and Location Quiz Stats

 Plays Quiz Updated Mar 9, 2018

Score 0/24 Timer 05:00
0 Plays Today
% Correct
Friends
95.4%
SpongeBob SquarePants
93%
Star Trek
92.2%
The West Wing
90.4%
The Big Bang Theory
88.6%
The Simpsons
88.3%
Game of Thrones
87.1%
Seinfeld
85.6%
Sherlock
83.4%
It's Always Sunny In Philadelphia
83.3%
The Office
82.5%
Doctor Who
82%
% Correct
Futurama
81.7%
Frasier
80.3%
Breaking Bad
80.1%
How I Met Your Mother
78.7%
Buffy the Vampire Slayer
77.1%
Family Guy
77%
Mad Men
74.7%
Bones
70.8%
Lost
70.1%
Arrested Development
68.5%
The Walking Dead
62.3%
Bob's Burgers
55.9%

You're not logged in!

Compare scores with friends on all Sporcle quizzes.
OR
Log In

You Might Also Like...

Show Comments

Extras

Top Quizzes Today


Score Distribution

Your Account Isn't Verified!

In order to create a playlist on Sporcle, you need to verify the email address you used during registration. Go to your Sporcle Settings to finish the process.

Report this User

Report this user for behavior that violates our Community Guidelines.

Details: